000 01728cam a22004214i 4500
003 PE-LiUPU
005 20250731175635.0
008 150616s r 000 0 d
035 _a(Sirsi) a4230
040 _aPE-LiUPU
_bspa
_cPE-LiUPU
_erda
049 _aPRUA
082 0 4 _a426
_bSt8
_221
100 1 _aStrunk, William,
_eautor.
245 1 4 _aThe elements of style.
264 1 _aNew York :
_bThe Macmillan Company,
_c1959.
300 _a71 páginas ;
_c20 cm.
336 _atext
_2rdacontent
337 _aunmediated
_2rdamedia
338 _avolume
_2rdacarrier
505 0 _aElementary rules of usage -- Elementary principles of composition -- A few matters of form -- Words and expressions commonly misused -- An approach to style.
526 _aP145
526 _aP127
526 _aP97
526 _aP35
526 _aP14
526 _aP07
650 0 4 _aInglés
_xGramática.
910 _ajck
_bjvq
_cjck
942 _2ddc
_cBOOK
949 _a426 St8
_wDEWEY
_c1
_i49932
_lCCODEBUL1
_mBUL
_pdollar4
_r0
_sY
_tBOOK
_u20030303
_xTEOLOGIA
_PP35
_0COMPRA
_o.STAFF. Colección General
949 _a426 St8
_wDEWEY
_c2
_i05587
_lCCODEBUL1
_mBUL
_p00.00
_r0
_sY
_tBOOK
_u2015-04-23
_xBIBLIOTECA
_zUNKNOWN
_0COMPRA
_o.STAFF. Colección General
994 _aC0
_bPEPRU
596 _a1
999 _a426 ST8
_wDEWEY
_c48439
_i49932
_f2021-11-8
_g5
_lCCODEBUL1
_mBUL
_r0
_sY
_tBOOK
_u2015-6-16
_xEDUCACION
_PP35
_0COMPRA
_o.STAFF. Colección General
_d48439
999 _a426 ST8
_wDEWEY
_c2
_i05587
_f2019-12-10
_g4
_lDISCARD
_mBUL
_r0
_sN
_tBOOK
_u2015-4-23
_xEDUCACION
_zUNKNOWN
_0COMPRA
_o.STAFF. Colección General
980 _81
_gALBERTO SANCHEZ Responsable de Automatización